The classical theory of fields, fourth edition : (Record no. 29193)

000 -LEADER
fixed length control field 00851 a2200217 4500
020 ## - INTERNATIONAL STANDARD BOOK NUMBER
International Standard Book Number 0750627689
020 ## - INTERNATIONAL STANDARD BOOK NUMBER
International Standard Book Number 9780750627689
082 04 - DEWEY DECIMAL CLASSIFICATION NUMBER
Classification number 530.14
090 ## - LOCALLY ASSIGNED LC-TYPE CALL NUMBER (OCLC); LOCAL CALL NUMBER (RLIN)
-- 563
-- 563
100 1# - MAIN ENTRY--PERSONAL NAME
Personal name Landau, L D.
245 14 - TITLE STATEMENT
Title The classical theory of fields, fourth edition :
Remainder of title .
Number of part/section of a work Volume 2 /
Statement of responsibility, etc. L D Landau, E.M. Lifshitz.
250 ## - EDITION STATEMENT
Edition statement 4th ed.
260 ## - PUBLICATION, DISTRIBUTION, ETC.
Place of publication, distribution, etc. [S.l.] :
Name of publisher, distributor, etc. Butterworth-Heinemann,
Date of publication, distribution, etc. 1975
300 ## - PHYSICAL DESCRIPTION
Extent 402 p. ;
Dimensions 25 cm.
490 1# - SERIES STATEMENT
Series statement Course of theoretical physics series.
700 1# - ADDED ENTRY--PERSONAL NAME
Personal name Lifshitz, E.M.
830 #0 - SERIES ADDED ENTRY--UNIFORM TITLE
Uniform title Course of theoretical physics series.
942 ## - ADDED ENTRY ELEMENTS (KOHA)
Institution code [OBSOLETE] SNS
Koha item type Book
Call number prefix 530.14 LAN
Holdings
Withdrawn status Lost status Damaged status Not for loan Permanent Location Current Location Date acquired Total Checkouts Total Renewals Full call number Barcode Checked out Date last seen Date last checked out Price effective from Koha item type Source of classification or shelving scheme Shelving location
        School of Natural Sciences (SNS) School of Natural Sciences (SNS) 05/26/2016 3 3 530.14 LAN SNS0000536 04/15/2026 03/16/2026 03/16/2026 05/26/2016 Book    
      Not For Loan School of Natural Sciences (SNS) School of Natural Sciences (SNS) 05/26/2016     530.14 LAN SNS0000708   08/02/2022   05/26/2016 Book   Reference
© 2023 Central Library, National University of Sciences and Technology. All Rights Reserved.